01582naa a2200193 a 450000100080000000500110000800800410001910000150006024502100007526000090028552008900029465300260118465300180121065300180122865300150124670000160126170000130127777300980129011260012017-02-16 2015 bl uuuu u00u1 u #d1 aGIESEL, A. aTerapias n??o residuaisbaltas dilui????es dinamizadas no manejo ecol??gico de sa??vas Atta sexdens piriventris (Hymenoptera: Formicidade) SANTSCHI, 1919, (Hymenoptera: Formicidade).h[electronic resource] c2015 aPrepara????es em altas dilui????es homeop??ticas s??o obtidos em diferentes m??todos e escalas, o que pode resultar em a????o diferenciada sobre os sistemas vivos. O objetivo deste estudo foi avaliar o efeito de preparados dinamizados nos m??todos hahnemannianos (CH e LM) e korsakoviano (K) no manejo da formiga cortadeira Atta sexdens piriventris. Preparados foram aplicados nas dinamiza????es de 6, 12, 30 CH, 5 LM e 35 K. As aplica????es foram di??rias por 10 dias e avalia????es antes de cada aplica????o pela contagem de formigas que passavam no ponto de aplica????o na trilha e adicionalmente aos 20 e 30 dias ap??s a primeira aplica????o. Os preparados homeop??ticos 6 CH e 30 CH, reduziram significativamente atividade forrageira de A. sexdens piriventris. O preparado 30 CH apresentou efeito prolongado na redu????o da atividade forrageira de formigas A. sexdens piriventris. aA sexdens piriventris acomportamento aforrageamento ahomeopatia1 aBOFF, M. I.1 aBOFF, P. tIn: CONGRESSO BRASILEIRO DE AGROECOLOGIA, 9., 2015, Belem. Anais... Belem: ABA, 2015. p. 1-5.